Australia 2012
Salvato in:
| Natura: | Libro |
|---|---|
| Lingua: | inglese |
| Pubblicazione: |
Paris
OECD
2012
|
| Serie: | Value for money in government
|
| Soggetti: | |
| Tags: |
Nessun Tag, puoi essere il primo ad aggiungerne!!
|
MARC
| LEADER | 00000nam a2200000 4500 | ||
|---|---|---|---|
| 001 | 0175862 | ||
| 005 | 20240315120401.5 | ||
| 020 | |a 978-92-64-17879-3 | ||
| 041 | 0 | |a eng | |
| 044 | |a FR | ||
| 245 | 1 | 0 | |a Australia 2012 |
| 264 | 1 | |a Paris |b OECD |c 2012 | |
| 300 | |a 151 s. | ||
| 490 | 1 | |a Value for money in government | |
| 830 | 0 | |a Value for money in government | |
| 610 | 2 | 0 | |a správa verejná |
| 610 | 2 | 0 | |a správa štátna |
| 610 | 2 | 0 | |a financie verejné |
| 610 | 2 | 0 | |a výdavky verejné |
| 610 | 2 | 0 | |a príjmy |
| 610 | 2 | 0 | |a zamestnanosť |
| 610 | 2 | 0 | |a reformy |
| 610 | 2 | 0 | |a rozpočet štátny |
| 610 | 2 | 0 | |a Austrália |